000 01044nam a2200229 a 4500
001 000003596
005 20210408121938.0
008 090711s1981 dr r 000 0 spa d
040 _aDO-SdBNP
_bspa
_cBNPHU
082 _axxxx
_bT853e, 1981
100 1 _aTroncoso de la Concha, M. de J.
_q(Manuel de Jesús)
_d1878-1955
_96003
245 1 0 _aElementos de derecho admistrativo con aplicación a las leyes de la República Dominicana /
_cM. de J. Troncoso de la Concha ; prólogo Antonio Guzmán ; presentación Ramón Martínez Aponte.
250 _a4a ed. revisada y actualizada por el Dr. Raymundo Amaro Guzmán
260 _aSanto Domingo :
_bOficina Nacional de Administración y Personal (ONAP),
_c1981.
300 _a427 p. ;
_c23 cm.
490 0 _aEstudios Juridicos
_v6
500 _aIncluye índice
504 _aIncluye referencias bibliográficas y notas a pie de páginas.
700 1 _aGuzmán Fernández, Silvestre Antonio,
_d1911-1982
_917126
700 1 _aMartínez Aponte, Ramón
_911080
830 0 _aEstudios juridicos
_n6
_911081
999 _c3420
_d3420